UITU Library & LRC     

I am Malala: the girl who stood up for education and was shot by the Taliban (Record no. 18236)

MARC details
000 -LEADER
fixed length control field 00634nam a2200193Ia 4500
008 - FIXED-LENGTH DATA ELEMENTS--GENERAL INFORMATION
fixed length control field 240925s9999 xx 000 0 und d
020 ## - INTERNATIONAL STANDARD BOOK NUMBER
International Standard Book Number 9781780226583
082 ## - DEWEY DECIMAL CLASSIFICATION NUMBER
Classification number 371.8220954 YOU
100 ## - MAIN ENTRY--PERSONAL NAME
Personal name Yousafzai, Malala
245 #0 - TITLE STATEMENT
Title I am Malala: the girl who stood up for education and was shot by the Taliban
250 ## - EDITION STATEMENT
Edition statement NA
260 ## - PUBLICATION, DISTRIBUTION, ETC.
Place of publication, distribution, etc. London:
Name of publisher, distributor, etc. Weidenfeld and Nicolson
Date of publication, distribution, etc. 2013
300 ## - PHYSICAL DESCRIPTION
Extent 293p.
Other physical details NA
Type of unit NA
500 ## - GENERAL NOTE
General note Includes Index
600 ## - SUBJECT ADDED ENTRY--PERSONAL NAME
Personal name Social Sciences
650 ## - SUBJECT ADDED ENTRY--TOPICAL TERM
Topical term or geographic name entry element Social Sciences
856 ## - ELECTRONIC LOCATION AND ACCESS
Uniform Resource Identifier <a href="https://drive.google.com/file/d/1Jkm4TQaagz7JDqs1eo9ZkOLWOS6LIOKH/view?usp=sharing">https://drive.google.com/file/d/1Jkm4TQaagz7JDqs1eo9ZkOLWOS6LIOKH/view?usp=sharing</a>
Link text Click here for PDF
942 ## - ADDED ENTRY ELEMENTS (KOHA)
Koha item type Books
Holdings
Withdrawn status Lost status Damaged status Not for loan Collection Home library Current library Date acquired Source of acquisition Cost, normal purchase price Total checkouts Full call number Barcode Date last seen Price effective from Koha item type
        Social Sciences UITU Library UITU Library 05/24/2023 A. R. Book Company 1470.00   371.8220954 YOU Q15737 09/25/2024   Books

Powered by Koha